Sports Quiz

Random Sports or Grab Bag Quiz

Gimme Five: Sports II Quiz Stats

 Plays Quiz Updated Sep 21, 2018

Also try: Gimme Five: Sports
Challenge
Share
Tweet
Embed
Score 0/60 Timer 07:00
5 Plays Today
Question Answer % Correct
Gimme the five MLB teams in California.Giants
92.8%
Gimme the five MLB teams in California.Angels
92.6%
Gimme the five MLB teams in California.Dodgers
92.1%
Gimme the five MLB teams in California.A's
87%
Gimme the five MLB teams in California.Padres
85.6%
Gimme the five countries that have won the most medals at the Olympic Winter Games.United States
84.8%
Gimme the five most popular high school sports for girls (U.S.).Basketball
84.6%
Gimme the first five NFL teams to win MORE THAN ONE Super Bowl.Packers
82.8%
Gimme the five NFL teams named after birds.Cardinals
82.5%
Gimme the five NFL teams named after birds.Falcons
81.7%
Gimme the five NFL teams named after birds.Eagles
80.8%
Gimme the five countries that have won the most medals at the Olympic Winter Games.Soviet Union
79.5%
Gimme the five colleges that have the most Final Four appearances in the NCAA tournament.Duke
79%
Gimme the first five NFL teams to win MORE THAN ONE Super Bowl.Cowboys
78.5%
Gimme the first five NFL teams to win MORE THAN ONE Super Bowl.Steelers
78.3%
Gimme the five most popular high school sports for girls (U.S.).Softball
77.1%
Gimme the five NFL teams named after birds.Seahawks
76.8%
Gimme the five most popular high school sports for girls (U.S.).Soccer
76%
Gimme the five most popular high school sports for girls (U.S.).Track
75.8%
Gimme the five NFL teams named after birds.Ravens
74.4%
Gimme the five colleges that have the most Final Four appearances in the NCAA tournament.North Carolina
73.6%
Gimme ESPN's top five athletes of the 20th century.Michael Jordan
73.3%
Gimme the five Olympic host cities that start with the letter A.Atlanta
72.8%
Gimme the five cities that house the Halls of Fame for the four major pro sports and college football. Canton
70.9%
Gimme the five Olympic host cities that start with the letter A.Athens
70%
Gimme the five cities that house the Halls of Fame for the four major pro sports and college football. Cooperstown
68.5%
Gimme the five Dallas Cowboys head coaches with the most team wins.Jimmy Johnson
68.5%
Gimme the five countries that have won the most medals at the Olympic Winter Games.Germany
66.4%
Gimme the five most popular high school sports for girls (U.S.).Volleyball
64%
Gimme the five colleges that have the most Final Four appearances in the NCAA tournament.Kentucky
63.4%
Question Answer % Correct
Gimme the first five NBA teams, alphabetically (nicknames, not cities).Celtics
62.7%
Gimme the five colleges that have the most Final Four appearances in the NCAA tournament.UCLA
62%
Gimme the first five NHL teams, alphabetically (nicknames, not cities).Bruins
60.3%
Gimme the first five NBA teams, alphabetically (nicknames, not cities).Bulls
59.4%
Gimme the five Dallas Cowboys head coaches with the most team wins.Tom Landry
55.1%
Gimme the five colleges that have the most Final Four appearances in the NCAA tournament.Kansas
52.6%
Gimme the five countries that have won the most medals at the Olympic Winter Games.Norway
50.7%
Gimme the first five NFL teams to win MORE THAN ONE Super Bowl.Raiders
50.5%
Gimme ESPN's top five athletes of the 20th century.Babe Ruth
50.3%
Gimme the five Dallas Cowboys head coaches with the most team wins.Barry Switzer
49%
Gimme the first five NBA teams, alphabetically (nicknames, not cities).Cavaliers
48.8%
Gimme the first five NFL teams to win MORE THAN ONE Super Bowl.Dolphins
48.4%
Gimme the first five NHL teams, alphabetically (nicknames, not cities).Avalanche
48.2%
Gimme the first five NBA teams, alphabetically (nicknames, not cities).Clippers
44.5%
Gimme the first five NHL teams, alphabetically (nicknames, not cities).Blackhawks
44.3%
Gimme the five cities that house the Halls of Fame for the four major pro sports and college football. Springfield
40.5%
Gimme the first five NBA teams, alphabetically (nicknames, not cities).Bucks
40.2%
Gimme the five cities that house the Halls of Fame for the four major pro sports and college football. Toronto
40.1%
Gimme ESPN's top five athletes of the 20th century.Muhammad Ali
38.6%
Gimme the five Dallas Cowboys head coaches with the most team wins.Jason Garrett
36.8%
Gimme the first five NHL teams, alphabetically (nicknames, not cities).Blues
34.5%
Gimme ESPN's top five athletes of the 20th century.Wayne Gretzky
34.2%
Gimme ESPN's top five athletes of the 20th century.Jim Brown
32.6%
Gimme the first five NHL teams, alphabetically (nicknames, not cities).Blue Jackets
32.5%
Gimme the five Dallas Cowboys head coaches with the most team wins.Wade Phillips
32.1%
Gimme the five cities that house the Halls of Fame for the four major pro sports and college football. Atlanta
32.1%
Gimme the five countries that have won the most medals at the Olympic Winter Games.Austria
23.3%
Gimme the five Olympic host cities that start with the letter A.Amsterdam
19.4%
Gimme the five Olympic host cities that start with the letter A.Albertville
13.1%
Gimme the five Olympic host cities that start with the letter A.Antwerp
12.9%

You're not logged in!

Compare scores with friends on all Sporcle quizzes.
OR
Log In

You Might Also Like...

Show Comments

Extras

Top Quizzes Today


Score Distribution

Your Account Isn't Verified!

In order to create a playlist on Sporcle, you need to verify the email address you used during registration. Go to your Sporcle Settings to finish the process.

Report this User

Report this user for behavior that violates our Community Guidelines.

Details: